MARC details
| 000 -LEADER |
| campo de control de longitud fija |
01986nam a2200421 i 4500 |
| 001 - NÚMERO DE CONTROL |
| campo de control |
197038 |
| 003 - IDENTIFICADOR DE NÚMERO DE CONTROL |
| campo de control |
ES-MaACL |
| 005 - FECHA Y HORA DE LA ÚLTIMA TRANSACCIÓN |
| campo de control |
20250812063139.0 |
| 008 - DATOS DE LONGITUD FIJA--INFORMACIÓN GENERAL |
| campo de control de longitud fija |
250317s2014 sp a | ||||o001 0dspa |
| 015 ## - NÚMERO DE BIBLIOGRAFÍA NACIONAL |
| Número de bibliografía nacional |
MON14 |
| 017 ## - NÚMERO DE COPYRIGHT O DE DEPÓSITO LEGAL |
| Número de copyright o de depósito legal |
M 26553-2014 |
| Agencia que asigna |
Oficina Depósito Legal Madrid |
| 020 ## - NÚMERO INTERNACIONAL ESTÁNDAR DEL LIBRO |
| Número Internacional Estándar del Libro |
9788494157370 |
| 035 ## - NÚMERO DE CONTROL DEL SISTEMA |
| Número de control de sistema |
(OCoLC)903105187 |
| 035 ## - NÚMERO DE CONTROL DEL SISTEMA |
| Número de control de sistema |
(SpMaBN)a5598892 |
| 040 ## - FUENTE DE CATALOGACIÓN |
| Centro catalogador/agencia de origen |
SpMaBN |
| Lengua de catalogación |
spa |
| Centro/agencia transcriptor |
SpMaBN |
| Normas de descripción |
rdc |
| 080 ## - NÚMERO DE LA CLASIFICACIÓN DECIMAL UNIVERSAL |
| Número de la Clasificación Decimal Universal |
77"18"(060.64) |
| 080 ## - NÚMERO DE LA CLASIFICACIÓN DECIMAL UNIVERSAL |
| Número de la Clasificación Decimal Universal |
77.041.5(060.64) |
| 080 ## - NÚMERO DE LA CLASIFICACIÓN DECIMAL UNIVERSAL |
| Número de la Clasificación Decimal Universal |
929(460)"18"(0:77)(060.64) |
| 240 10 - TÍTULO UNIFORME |
| Título uniforme |
Pedro Antonio de Alarcón |
| 245 10 - MENCIÓN DEL TÍTULO |
| Título |
Pedro Antonio de Alarcón : |
| Resto del título |
imágenes para la memoria y recuerdos de Almería, su colección de cartes de visite : [Patio de Luces de la Diputación de Almería, del 2 al 28 de octubre de 2014] / |
| Mención de responsabilidad, etc. |
[comisario, Juan Antonio Yeves Andrés]. |
| 260 ## - PUBLICACIÓN, DISTRIBUCIÓN, ETC. |
| Lugar de publicación, distribución, etc. |
Madrid : |
| Nombre del editor, distribuidor, etc. |
Fundación Lázaro Galdiano [etc.], |
| Fecha de publicación, distribución, etc. |
imp. 2014. |
| 300 ## - DESCRIPCIÓN FÍSICA |
| Extensión |
323 páginas : |
| Otras características físicas |
principalmente ilustrado a color y blanco y negro ; |
| Dimensiones |
21 x 21 cm. |
| 336 ## - TIPO DE CONTENIDO |
| Término de tipo de contenido |
Imagen (fija ; bidimensional ; visual) |
| -- |
Texto (visual) |
| Fuente |
isbdcontent |
| 337 ## - TIPO DE MEDIO |
| Nombre/término del tipo de medio |
sin mediación |
| Fuente |
isbdmedia |
| 338 ## - TIPO DE SOPORTE |
| Fuente |
rdacarrier |
| Nombre/término del tipo de soporte |
volumen |
| 504 ## - NOTA DE BIBLIOGRAFÍA, ETC. |
| Nota de bibliografía, etc. |
Incluye referencias bibliográficas e índice |
| 600 14 - PUNTO DE ACCESO ADICIONAL DE MATERIA--NOMBRE DE PERSONA |
| 9 (RLIN) |
19134 |
| Nombre de persona |
Alarcón, Pedro Antonio de, |
| Fechas asociadas al nombre |
1833-1891 |
| 650 10 - PUNTO DE ACCESO ADICIONAL DE MATERIA--TÉRMINO DE MATERIA |
| Término de materia o nombre geográfico como elemento de entrada |
Personas célebres- |
| Subdivisión general |
Retratos- |
| Subdivisión de forma |
Exposiciones |
| Fuente del encabezamiento o término |
embne |
| 9 (RLIN) |
239850 |
| 650 #0 - PUNTO DE ACCESO ADICIONAL DE MATERIA--TÉRMINO DE MATERIA |
| Término de materia o nombre geográfico como elemento de entrada |
Fotografía de retrato- |
| Subdivisión de forma |
Exposiciones |
| 9 (RLIN) |
239851 |
| 700 ## - ENTRADA AGREGADA--NOMBRE PERSONAL |
| Nombre de persona |
Yeves Andrés, Juan Antonio |
| 9 (RLIN) |
239852 |
| Término indicativo de función/relación |
Editor literario |
| 710 0# - ENTRADA AGREGADA--NOMBRE DE ENTIDAD CORPORATIVA |
| Nombre de entidad corporativa o nombre de jurisdicción como elemento de entrada |
Almería (Provincia). |
| Unidad subordinada |
Diputación |
| 9 (RLIN) |
1339 |
| 852 ## - LOCALIZACIÓN |
| Ubicación |
ES-MaACL |
| Ubicación en estantería |
Depósito J |
| Número de control de estantería |
N-10400 |
| Anotaciones manuscritas |
Dedicatoria autógrafa de Juan Antonio Yeves Andrés |
| Donativo/Legado |
Donación: Juan Antonio Yeves Andrés |
| Encuadernación |
Encuadernación rústica con solapas |
| itemnumber |
206522 |
| 903 ## - NOMBRE PERSONAL DE DONANTE |
| 9 |
239852 |
| a |
Yeves Andrés, Juan Antonio |
| e |
Donante |
| 942 ## - ELEMENTOS DE ENTRADA SECUNDARIOS (KOHA) |
| Tipo de ítem Koha |
Libro impreso |
| Suprimir en OPAC |
No |